Language Quiz

Random Language or World Quiz

Most Spoken Languages (Native Speakers) Quiz Stats

 Plays Quiz Updated Dec 17, 2018

Support Sporcle.
Go Orange.
Score 0/50 Timer 06:00
2 Plays Today
Speakers Language % Correct
335 millionEnglish
99.6%
414 millionSpanish
98.5%
75 millionFrench
97%
78.2 millionGerman
92.5%
848 millionMandarin
91.3%
167 millionRussian
88.2%
122 millionJapanese
86%
63.7 millionItalian
85%
237 millionArabic (all dialects)
81.5%
203 millionPortuguese
79.6%
260 millionHindi
70.4%
21.7 millionDutch
67.6%
77.2 millionKorean
63.6%
40 millionPolish
63%
59.5 millionMalay
62.7%
56.6 millionPersian
59%
62.2 millionCantonese
56.6%
67.8 millionVietnamese
54.8%
70.8 millionTurkish
54%
63.9 millionUrdu
42%
23.4 millionRomanian
40.6%
23.2 millionIndonesian
37%
193 millionBengali
36.8%
37 millionUkrainian
33.9%
23.9 millionTagalog
28.6%
Speakers Language % Correct
68.8 millionTamil
26.5%
82.6 millionLahnda
25.7%
28.2 millionEastern Panjabi
25.4%
32.3 millionBurmese
21.7%
25 millionFilipino
20.5%
77.2 millionWu
19.5%
84.3 millionJavanese
16.4%
46.5 millionGujarati
13.9%
74 millionTelugu
12%
71.8 millionMarathi
11.2%
35.3 millionKannada
9.2%
35.9 millionMalayalam
7.9%
25 millionHausa
7%
30 millionHakka
6%
21.4 millionSindhi
5.3%
31.7 millionOriya
5.2%
36 millionXiāng
5.1%
46.6 millionSouthern Min
4.7%
34 millionSundanese
4.4%
45 millionJin
4.1%
20.6 millionGan
4%
38.5 millionBhojpuri
3.4%
34.7 millionMaithili
3%
38.3 millionAwadhi
2.2%
31.1 millionMarwari
2.1%

From the Vault

Let's Make Wonder Woman's Logo

by El_Dandy

Do you think Wonder Woman ever considered suing Weezer for ripping off her logo?
Remove Ads.
Support Sporcle.
Get the best of Sporcle when you Go Orange. This ad-free experience offers more features, more stats, and more fun while also helping to support Sporcle. Thank you for becoming a member.

Show Comments

Extras

Top Quizzes Today


Score Distribution

Your Account Isn't Verified!

In order to create a playlist on Sporcle, you need to verify the email address you used during registration. Go to your Sporcle Settings to finish the process.

Report this User

Report this user for behavior that violates our Community Guidelines.

Details: